000 00833nam a22002297a 4500
005 20240530110504.0
008 150516s2011 ua a f 000 0 ara d
017 _a15687
020 _a9770527378
040 _aEG-CaGPL
082 0 4 _221
_a720.1\
_bهـ ن
100 0 _aهشام على جريشة .
245 1 2 _aالنسبية و التفكيكية :
_bجوانب علمية فى الفكر المعمارى 1 /
_cتاليف هشام على جريشة .
250 _aط1.
260 _aالقاهرة :
_bمكتبة الانجلو المصرية ،
_c2011.
300 _a91 ص :
_bايض ؛
_c24 سم.
650 0 4 _aالعمارة
_xتصميمات .
650 0 4 _aالعمارة التفكيكية .
650 0 4 _aالعمارة
_xالنسبية .
942 _2ddc
_cBK
999 _c61524
_d61524